| 000 | 00713nam a22002297a 4500 | ||
|---|---|---|---|
| 003 | OSt | ||
| 005 | 20260310010607.0 | ||
| 008 | 260310b |||||||| |||| 00| 0 eng d | ||
| 020 | _a978-1-2662-7313-1 | ||
| 040 |
_aDWCL Main lib _cOC |
||
| 082 | _aCirc. 332.6 J82f 2024 | ||
| 100 | _aJordan, Bradford D. | ||
| 245 |
_aFundamentals of investments: _bvaluation and management _cBradford D. Jordan |
||
| 250 | _aTenth edition | ||
| 260 |
_aNew York: _bMcGraw Hill, _cc2024. |
||
| 300 |
_axxxix, 750 pages: _billustrations; _c27 cm. |
||
| 504 | _aIncludes index. | ||
| 650 | _a1. Investments. | ||
| 700 | _aThomas W. Miller Jr. | ||
| 700 | _aSteven D. Dolvin | ||
| 942 |
_2ddc _cBK-CIRC _eTenth edition _kCirc. _n0 |
||
| 999 |
_c8802 _d8802 |
||